[Event "KUW-ch"]
[Site "Kuwait"]
[Date "2022.01.06"]
[Round "5"]
[White "Al Ibrahim, Abdulrahman"]
[Black "Alhamdan, Ahmed"]
[Result "1-0"]
[WhiteElo "1790"]
[BlackElo "1721"]
[PlyCount "50"]
[EventDate "2022.01.03"]
[EventType "swiss"]
[EventRounds "9"]
[EventCountry "KUW"]
[SourceTitle "CBM 206 Extra"]
[Source "ChessBase"]
[SourceDate "2022.03.31"]
[SourceVersion "1"]
[SourceVersionDate "2022.03.31"]
[SourceQuality "1"]

1. e4 c5 2. Nf3 d6 3. d4 cxd4 4. Nxd4 Nf6 5. Nc3 g6 6. Be3 Bg7 7. f3 Nc6 8. Qd2 0-0 9. 0-0-0 d5 10. exd5 Nxd5 11. Nxc6 bxc6 12. Bd4 e5 13. Bc5 Be6 14. Ne4 Re8 15. g4 Bf8 16. Bxf8 Rxf8 17. g5 Rb8 18. Bc4 Qb6 19. b3 Rfd8 20. Bxd5 Bxd5 21. Nf6+ Kg7 22. Qe1 Qb4 23. Qxe5 Kf8 24. Nxh7+ Kg8 25. Nf6+ Kf8 1-0

[Event "KUW-ch"]
[Site "Kuwait"]
[Date "2022.01.05"]
[Round "4"]
[White "Alhamdan, Ahmed"]
[Black "Al Subaie, Nasser"]
[Result "1-0"]
[WhiteElo "1721"]
[BlackElo "1284"]
[PlyCount "79"]
[EventDate "2022.01.03"]
[EventType "swiss"]
[EventRounds "9"]
[EventCountry "KUW"]
[SourceTitle "CBM 206 Extra"]
[Source "ChessBase"]
[SourceDate "2022.03.31"]
[SourceVersion "1"]
[SourceVersionDate "2022.03.31"]
[SourceQuality "1"]

1. e4 g6 2. d4 Bg7 3. Nc3 d6 4. Be3 Nf6 5. f3 a6 6. Qd2 h6 7. 0-0-0 b5 8. a3 Nc6 9. Nd5 Nxd5 10. exd5 Nb8 11. Bd3 Nd7 12. Ne2 Nb6 13. Nf4 Bf5 14. Bxf5 Nc4 15. Qe2 Nxe3 16. Bxg6 Nxd1 17. Ne6 Qd7 18. Nxg7+ Kf8 19. Bf5 Nc3 20. bxc3 e6 21. dxe6 Qe7 22. Be4 Kxg7 23. Bxa8 Rxa8 24. Re1 Re8 25. d5 Qg5+ 26. Qd2 Qxd2+ 27. Kxd2 fxe6 28. Rxe6 Rxe6 29. dxe6 Kf6 30. g4 Kxe6 31. f4 c5 32. h4 a5 33. g5 hxg5 34. fxg5 d5 35. h5 Kf5 36. g6 Kf6 37. Kc1 Kg7 38. Kb2 Kh6 39. Kc1 Kg7 40. Kd2 1-0

[Event "KUW-ch"]
[Site "Kuwait"]
[Date "2019.01.26"]
[Round "8"]
[White "Alhamdan, Ahmed"]
[Black "Almousawi, Saleh"]
[Result "1-0"]
[WhiteElo "1659"]
[BlackElo "1517"]
[PlyCount "141"]
[EventDate "2019.01.17"]
[EventType "tourn"]
[EventRounds "9"]
[EventCountry "KUW"]
[SourceTitle "CBM 188 Extra"]
[Source "ChessBase"]
[SourceDate "2019.02.26"]
[SourceVersion "1"]
[SourceVersionDate "2019.02.26"]
[SourceQuality "1"]

1. e4 e6 2. d4 d5 3. Nd2 Be7 4. Ngf3 Nf6 5. e5 Nfd7 6. Bd3 c5 7. c3 Nc6 8. 0-0 0-0 9. Qc2 cxd4 10. Bxh7+ Kh8 11. cxd4 g6 12. Bxg6 fxg6 13. Qxg6 Qe8 14. Qh6+ Kg8 15. Ng5 Bxg5 16. Qxg5+ Kh7 17. Qh4+ Kg7 18. Nf3 Qg6 19. Bg5 b6 20. Qg3 Kh7 21. Nh4 Qh5 22. Qd3+ Kg8 23. f4 Rf7 24. Rf3 Qh7 25. f5 Nf8 26. Rh3 exf5 27. Rg3 Rg7 28. Qb5 Be6 29. Qxc6 Rc8 30. Qd6 f4 31. Bxf4 Rxg3 32. hxg3 Rc2 33. Rc1 Rxc1+ 34. Bxc1 Qd3 35. Qe7 Qxg3 36. Qg5+ Qxg5 37. Bxg5 a6 38. Be7 Nd7 39. Kf2 Kh7 40. Kf3 Nb8 41. Ke3 Nc6 42. Bd6 b5 43. a3 Na5 44. Nf3 Kg6 45. Kd3 Kh5 46. Kc3 Nc6 47. Bc5 Kg4 48. Kb3 Bg8 49. Ne1 Kg3 50. Nd3 a5 51. a4 b4 52. Bb6 Kxg2 53. Nf4+ Kf3 54. Nh5 Ke2 55. Nf6 Be6 56. Kc2 Bf5+ 57. Kc1 b3 58. Bc5 Nd8 59. Nxd5 Nf7 60. Nc3+ Ke1 61. Bb6 Ng5 62. Nd5 Nh3 63. Bxa5+ Ke2 64. Bd2 Nf2 65. Nf4+ Kf3 66. e6 Ne4 67. e7 Bd7 68. a5 Nxd2 69. Kxd2 Kxf4 70. a6 Kf5 71. a7 1-0

[Event "KUW-ch"]
[Site "Kuwait"]
[Date "2019.01.25"]
[Round "7"]
[White "Alhamdan, Ahmed"]
[Black "Alothman, Abdul Wahab"]
[Result "1/2-1/2"]
[WhiteElo "1659"]
[BlackElo "1936"]
[PlyCount "99"]
[EventDate "2019.01.17"]
[EventType "tourn"]
[EventRounds "9"]
[EventCountry "KUW"]
[SourceTitle "CBM 188 Extra"]
[Source "ChessBase"]
[SourceDate "2019.02.26"]
[SourceVersion "1"]
[SourceVersionDate "2019.02.26"]
[SourceQuality "1"]

1. e4 e5 2. Nf3 Nc6 3. Bb5 a6 4. Ba4 Nf6 5. 0-0 b5 6. Bb3 Be7 7. Re1 d6 8. c3 0-0 9. h3 Na5 10. Bc2 c5 11. d4 Qc7 12. Nbd2 cxd4 13. cxd4 Nc6 14. Nb3 a5 15. Be3 a4 16. Nbd2 Bd7 17. Rc1 Qb7 18. Qe2 Rfe8 19. Bd3 Rab8 20. dxe5 dxe5 21. Bc5 Nh5 22. Bxe7 Nf4 23. Qe3 Rxe7 24. Bf1 Ne6 25. Qa3 Ree8 26. Qd6 Red8 27. Qd3 Be8 28. Qe3 Qe7 29. b3 a3 30. Nb1 Ned4 31. Red1 Nxf3+ 32. Qxf3 Rxd1 33. Qxd1 Nd4 34. Nc3 Bc6 35. f3 Qg5 36. Ne2 Qe3+ 37. Kh1 Be8 38. Nxd4 Rd8 39. Qc2 Qxd4 40. Qc5 Qxc5 41. Rxc5 Rd1 42. Kg1 Kf8 43. Kf2 Rd2+ 44. Kg3 Rxa2 45. Bxb5 Bxb5 46. Rxb5 f6 47. Rb7 Rb2 48. b4 a2 49. Ra7 Rxb4 50. Rxa2 1/2-1/2

[Event "KUW-ch"]
[Site "Kuwait"]
[Date "2019.01.23"]
[Round "6"]
[White "Maqseed, Nasser"]
[Black "Alhamdan, Ahmed"]
[Result "0-1"]
[WhiteElo "1847"]
[BlackElo "1659"]
[PlyCount "56"]
[EventDate "2019.01.17"]
[EventType "tourn"]
[EventRounds "9"]
[EventCountry "KUW"]
[SourceTitle "CBM 188 Extra"]
[Source "ChessBase"]
[SourceDate "2019.02.26"]
[SourceVersion "1"]
[SourceVersionDate "2019.02.26"]
[SourceQuality "1"]

1. d4 g6 2. c4 Bg7 3. Nc3 c5 4. Nf3 Nf6 5. e4 cxd4 6. Nxd4 Nc6 7. Be3 d6 8. Be2 0-0 9. 0-0 Nxd4 10. Bxd4 Be6 11. b3 Qa5 12. Rb1 Rfc8 13. Kh1 a6 14. f3 b5 15. b4 Qd8 16. Nd5 Bxd5 17. cxd5 Nd7 18. Bxg7 Kxg7 19. Qd4+ Kg8 20. f4 Rc2 21. Rb2 Rac8 22. Bd3 Rxb2 23. Qxb2 Qc7 24. h3 Qc3 25. Qxc3 Rxc3 26. Rd1 Nb6 27. Kg1 Nc4 28. Rd2 Nxd2 0-1

[Event "KUW-ch"]
[Site "Kuwait"]
[Date "2019.01.17"]
[Round "1"]
[White "Alhamdan, Ahmed"]
[Black "Alshourfaa, Hazaa"]
[Result "0-1"]
[WhiteElo "1659"]
[BlackElo "1768"]
[PlyCount "29"]
[EventDate "2019.01.17"]
[EventType "tourn"]
[EventRounds "9"]
[EventCountry "KUW"]
[SourceTitle "CBM 188 Extra"]
[Source "ChessBase"]
[SourceDate "2019.02.26"]
[SourceVersion "1"]
[SourceVersionDate "2019.02.26"]
[SourceQuality "1"]

1. e4 e6 2. d4 d5 3. exd5 exd5 4. Bd3 Bd6 5. Nf3 Nf6 6. 0-0 0-0 7. Bg5 Bg4 8. h3 Bh5 9. c3 Qe7 10. Qc2 Bxf3 11. gxf3 g6 12. Nd2 Kg7 13. Rae1 Qd7 14. Kg2 Nc6 15. Re2 0-1

[Event "KUW-ch sf"]
[Site "Kuwait"]
[Date "2018.11.19"]
[Round "4"]
[White "Alhassan, Meshari"]
[Black "Alhamdan, Ahmed"]
[Result "0-1"]
[WhiteElo "1418"]
[BlackElo "1697"]
[PlyCount "52"]
[EventDate "2018.11.16"]
[EventType "swiss"]
[EventRounds "9"]
[EventCountry "KUW"]
[SourceTitle "CBM 187 Extra"]
[Source "ChessBase"]
[SourceDate "2018.11.04"]
[SourceVersion "1"]
[SourceVersionDate "2018.11.04"]
[SourceQuality "1"]

1. d4 Nf6 2. Bf4 d5 3. e3 c5 4. c3 Nc6 5. Nd2 Qb6 6. Qb3 c4 7. Qc2 g6 8. Be2 Bf5 9. Qc1 h5 10. b3 cxb3 11. axb3 Rc8 12. Ngf3 Nb4 13. 0-0 Nc2 14. Ra2 Rxc3 15. e4 Nxd4 16. Qd1 Rc1 17. Nxd4 Rxd1 18. Rxd1 Qxd4 19. exf5 Qxf4 20. Rxa7 Qb4 21. Nf3 Bg7 22. Ra8+ Kd7 23. Ne5+ Kc7 24. Rc1+ Kb6 25. Raa1 Qe4 26. Nxf7 Qxe2 0-1

[Event "KUW-ch final"]
[Site "Kuwait"]
[Date "2018.01.17"]
[Round "7"]
[White "Alshourfaa, Hazaa"]
[Black "Alhamdan, Ahmed"]
[Result "1-0"]
[WhiteElo "1832"]
[BlackElo "1741"]
[PlyCount "65"]
[EventDate "2018.01.09"]
[EventType "tourn"]
[EventRounds "9"]
[EventCountry "KUW"]
[SourceTitle "EXT 2019"]
[Source "ChessBase"]
[SourceDate "2018.10.10"]
[SourceVersion "1"]
[SourceVersionDate "2018.10.10"]
[SourceQuality "1"]

1. e4 c5 2. Nf3 d6 3. d4 cxd4 4. Nxd4 Nf6 5. Nc3 a6 6. Be3 e5 7. Nf5 d5 8. Bg5 d4 9. Ne2 Qa5+ 10. Bd2 Qb6 11. Neg3 Qxb2 12. Bd3 g6 13. Nh6 Bxh6 14. Bxh6 Qc3+ 15. Bd2 Qc7 16. 0-0 0-0 17. Bh6 Re8 18. h3 Be6 19. f4 Nfd7 20. f5 Bc4 21. fxg6 hxg6 22. Qg4 Bxd3 23. cxd3 Nc6 24. Rf3 Nf8 25. Raf1 Re6 26. h4 Nd8 27. h5 Qe7 28. Nf5 Qe8 29. Bg7 gxf5 30. Rxf5 Kh7 31. Rf6 Ng6 32. hxg6+ Kxg7 33. gxf7+ 1-0

[Event "KUW-ch final"]
[Site "Kuwait"]
[Date "2018.01.11"]
[Round "3"]
[White "Al Hajiri, Bader"]
[Black "Alhamdan, Ahmed"]
[Result "1-0"]
[WhiteElo "2165"]
[BlackElo "1741"]
[PlyCount "43"]
[EventDate "2018.01.09"]
[EventType "tourn"]
[EventRounds "9"]
[EventCountry "KUW"]
[SourceTitle "EXT 2019"]
[Source "ChessBase"]
[SourceDate "2018.10.10"]
[SourceVersion "1"]
[SourceVersionDate "2018.10.10"]
[SourceQuality "1"]

1. e4 c5 2. Nf3 d6 3. d4 cxd4 4. Nxd4 Nf6 5. Nc3 a6 6. Bc4 e6 7. Bb3 Be7 8. Be3 0-0 9. f3 Nc6 10. Qd2 Bd7 11. 0-0-0 Rc8 12. g4 b5 13. h4 Nxd4 14. Qxd4 Bc6 15. h5 Nd7 16. Rdg1 Nc5 17. g5 Nxb3+ 18. axb3 d5 19. h6 f6 20. gxf6 Bxf6 21. Rxg7+ Kh8 22. Qa7 1-0

[Event "KUW-ch final"]
[Site "Kuwait"]
[Date "2018.01.10"]
[Round "2"]
[White "Alhamdan, Ahmed"]
[Black "Maqseed, Nasser"]
[Result "0-1"]
[WhiteElo "1741"]
[BlackElo "1899"]
[PlyCount "106"]
[EventDate "2018.01.09"]
[EventType "tourn"]
[EventRounds "9"]
[EventCountry "KUW"]
[SourceTitle "EXT 2019"]
[Source "ChessBase"]
[SourceDate "2018.10.10"]
[SourceVersion "1"]
[SourceVersionDate "2018.10.10"]
[SourceQuality "1"]

1. e4 d5 2. exd5 Qxd5 3. Nc3 Qd8 4. d4 Nf6 5. Nf3 Bf5 6. Bc4 c6 7. 0-0 e6 8. Bg5 Be7 9. Nh4 Bg4 10. Be2 Bxe2 11. Nxe2 h6 12. Bxf6 Bxf6 13. Nf3 Nd7 14. c3 0-0 15. Ng3 Qa5 16. Re1 Rad8 17. Qb3 Qc7 18. Rad1 Rfe8 19. Kh1 Be7 20. Ne5 Nxe5 21. Rxe5 Bf6 22. Re2 Rd5 23. Rde1 Red8 24. Ne4 Be7 25. Nd2 Rb5 26. Qc2 Rh5 27. Nf3 c5 28. Re5 Rxe5 29. dxe5 Qd7 30. Re2 Bg5 31. h4 Qd1+ 32. Qxd1 Rxd1+ 33. Kh2 Bf4+ 34. g3 Bc1 35. b3 Rd3 36. Ne1 Rxc3 37. Rc2 Rxc2 38. Nxc2 Bb2 39. f4 g5 40. hxg5 hxg5 41. Kg2 Kg7 42. Kf3 Kg6 43. Ke4 gxf4 44. gxf4 b5 45. Ne3 Bc1 46. f5+ Kg5 47. fxe6 fxe6 48. a4 Bxe3 49. Kxe3 bxa4 50. bxa4 Kf5 51. Kd3 Kxe5 52. Kc4 Kd6 53. Kb5 Ke5 0-1

[Event "KUW-ch First Stage"]
[Site "Kuwait"]
[Date "2017.12.17"]
[Round "7.1"]
[White "Al Khateeb, Taher"]
[Black "Alhamdan, Ahmed"]
[Result "1-0"]
[WhiteElo "2003"]
[BlackElo "1742"]
[PlyCount "79"]
[EventDate "2017.12.09"]
[EventType "swiss"]
[EventRounds "9"]
[EventCountry "KUW"]
[SourceTitle "EXT 2024"]
[Source "ChessBase"]
[SourceDate "2023.10.10"]
[SourceVersion "1"]
[SourceVersionDate "2023.10.10"]
[SourceQuality "1"]

1. d4 d5 2. c4 c6 3. Bf4 Nf6 4. e3 e6 5. Nc3 Be7 6. Nf3 0-0 7. h3 Nbd7 8. Qb3 Qb6 9. c5 Qxb3 10. axb3 Ne4 11. b4 f5 12. Bd3 b5 13. 0-0 Bb7 14. Ra3 a6 15. Ne2 Rfe8 16. Rd1 Nf8 17. Ne5 Ng6 18. Bh2 Nxe5 19. Bxe5 Bf6 20. f4 h5 21. g3 Kf7 22. Bxe4 fxe4 23. Raa1 Bc8 24. Nc1 h4 25. g4 Bxe5 26. dxe5 g5 27. Nb3 Re7 28. Kf2 Kg6 29. Ke2 Rf7 30. Rf1 Raa7 31. Nd4 Rac7 32. fxg5 Rxf1 33. Rxf1 Rf7 34. Rxf7 Kxf7 35. Nxc6 Bd7 36. Nd4 Kg6 37. Kd2 Kxg5 38. Kc3 Kg6 39. c6 Bc8 40. Ne2 1-0

[Event "KUW-ch First Stage"]
[Site "Kuwait"]
[Date "2017.12.13"]
[Round "4.3"]
[White "Alhamdan, Ahmed"]
[Black "Alruwayeh, Talal"]
[Result "1-0"]
[WhiteElo "1742"]
[BlackElo "1542"]
[PlyCount "52"]
[EventDate "2017.12.09"]
[EventType "swiss"]
[EventRounds "9"]
[EventCountry "KUW"]
[SourceTitle "EXT 2024"]
[Source "ChessBase"]
[SourceDate "2023.10.10"]
[SourceVersion "1"]
[SourceVersionDate "2023.10.10"]
[SourceQuality "1"]

1. e4 e5 2. Nf3 d6 3. d4 exd4 4. Nxd4 Nf6 5. Nc3 a6 6. Bc4 b5 7. Bb3 c5 8. Ndxb5 axb5 9. Nxb5 Qa5+ 10. Nc3 Be7 11. Bd2 Qc7 12. Bd5 Nxd5 13. Nxd5 Qb7 14. c4 Be6 15. Bc3 0-0 16. 0-0 Nc6 17. Re1 Ne5 18. Qe2 Bxd5 19. exd5 Bf6 20. b3 Rfe8 21. f4 Nf3+ 22. Qxf3 Rxe1+ 23. Rxe1 Bxc3 24. Qxc3 h6 25. Qd3 Qb4 26. Re7 Qa3 1-0